The great American success story : (Record no. 2883)
[ view plain ]
| 000 -LEADER | |
|---|---|
| fixed length control field | aam a22 a 4500 |
| 003 - CONTROL NUMBER IDENTIFIER | |
| control field | AKMAL |
| 005 - DATE AND TIME OF LATEST TRANSACTION | |
| control field | 20170518145205.0 |
| 008 - FIXED-LENGTH DATA ELEMENTS--GENERAL INFORMATION | |
| fixed length control field | 170518s1986 ilua d 00 eng d |
| 020 ## - INTERNATIONAL STANDARD BOOK NUMBER | |
| International Standard Book Number | 0870946013 |
| 040 ## - CATALOGING SOURCE | |
| Original cataloging agency | AKMAL |
| 082 04 - DEWEY DECIMAL CLASSIFICATION NUMBER | |
| Classification number | 658 GAL |
| Edition number | 21 |
| 090 20 - LOCALLY ASSIGNED LC-TYPE CALL NUMBER (OCLC); LOCAL CALL NUMBER (RLIN) | |
| Classification number (OCLC) (R) ; Classification number, CALL (RLIN) (NR) | 658 |
| Local cutter number (OCLC) ; Book number/undivided call number, CALL (RLIN) | GAL |
| 100 1# - MAIN ENTRY--PERSONAL NAME | |
| Personal name | Gallup, George, |
| Dates associated with a name | 1930- |
| 9 (RLIN) | 6063 |
| 245 14 - TITLE STATEMENT | |
| Title | The great American success story : |
| Remainder of title | factors that affect achievement / |
| Statement of responsibility, etc. | George Gallup, Jr., Alec M. Gallup with William Proctor |
| 260 ## - PUBLICATION, DISTRIBUTION, ETC. | |
| Place of publication, distribution, etc. | Homewood, Ill. : |
| Name of publisher, distributor, etc. | Dow Jones-Irwin, |
| Date of publication, distribution, etc. | c1986 |
| 300 00 - PHYSICAL DESCRIPTION | |
| Extent | xii, 244 p. : |
| Other physical details | ill. ; |
| Dimensions | 24 cm |
| 650 #0 - SUBJECT ADDED ENTRY--TOPICAL TERM | |
| Topical term or geographic name entry element | Success |
| 9 (RLIN) | 2 |
| 700 1# - ADDED ENTRY--PERSONAL NAME | |
| Personal name | Gallup, Alec M. |
| 9 (RLIN) | 6064 |
| 700 1# - ADDED ENTRY--PERSONAL NAME | |
| Personal name | Proctor, William |
| 9 (RLIN) | 6065 |
| 942 ## - ADDED ENTRY ELEMENTS (KOHA) | |
| Source of classification or shelving scheme | |
| Koha item type | Book |
| Withdrawn status | Lost status | Source of classification or shelving scheme | Damaged status | Not for loan | Collection code | Home library | Current library | Shelving location | Date acquired | Inventory number | Total Checkouts | Full call number | Barcode | Date last seen | Price effective from | Koha item type |
|---|---|---|---|---|---|---|---|---|---|---|---|---|---|---|---|---|
| NON-FICTION | AKMAL Melaka | AKMAL Melaka | PINJAMAN | 18.05.2017 | 600266 | 658 GAL | 201703649 | 18.05.2017 | 18.05.2017 | Book |
